Hồi ức của một Gesha Đời kỹ nữ

Đã lưu trong:
書目詳細資料
格式: 圖書
出版: 2006
標簽: 添加標簽
沒有標簽, 成為第一個標記此記錄!
Thư viện lưu trữ: Mạng thư viện Đại học Đà Nẵng
LEADER 00453nam a22001811a 4500
001 000040773
003 17068
005 20160412023355.0
008 160412s2006 000
082 |a N23141-42 
245 |a Hồi ức của một Gesha Đời kỹ nữ  |c Arthus Golden 
260 |c 2006 
OWN |a LNN 
999 |a From the UDN01 
TYP |a Monograph 
980 |a Mạng thư viện Đại học Đà Nẵng